000 00732nam a22002297a 4500
999 _c1580
_d1580
003 AR-CdUCM
008 190227b ||||| |||| 00| 0 spa d
040 _aMUNICIPALIDAD PROVINCIAL DEL CUSCO
_cBIBLIOTECA MUNICIPAL DEL CUSCO
082 _a869.56 /
_bB25
100 _aBarrera Reyes, Luis Alberto
_95657
245 _aCiento tres sonetos :
_bCantos al amor /
_cBarrera Reyes, Luis Alberto
260 _aCusco :
_bKOPIGRAF
_c2011.
300 _a103 paginas ;
_c24cm.
500 _aPoemas
650 _aPoemas
_9315
650 _aLiteraturas
_95938
650 _aLatinoamerica
_94398
650 _aMusica canto y poesias
_95939
700 _aBarrera Reyes, Luis Alberto
_95657
942 _2ddc
_cLIBROS
945 _apjha
_d2019-02-27